Cities that Won at Athletics - Statistics

General Stats
  • This quiz has been taken 15 times
  • The average score is 4 of 5
Answer Stats
Wins City % Correct
27 Los Angeles
100%
33 New York
100%
33 Boston
92%
10 Chicago
75%
7 Philadelphia
58%
No matching quizzes found
Score Distribution
Percent of People with Each Score
Percentile by Number Answered
Your Score History
You have not taken this quiz